Responses for Show #4700 - Friday, January 28, 2005

2005 Teen Tournament quarterfinal game 3.

Contestants

[<< previous game]

Whitney Prince, a sophomore from Maryville, Tennessee

Allan Long, a freshman from Tallahassee, Florida

Caitlin Cook, a sophomore from Arden, North Carolina

[next game >>]

Jeopardy! Round responses

THE REVOLUTIONARY WAR
GAME SHOWS
THE ENVIRONMENT
THE 50 STATES
PHRASES THAT SELL
THE "UNDER" WORLD
    $200 1
The Battle of Bunker Hill (or Breed's Hill)

Triple Stumper
    $200 26
Wheel of Fortune

Caitlin
    $200 21
Greenpeace

Whitney
    $200 6
Louisiana

Caitlin
    $200 16
Sprite

Caitlin
    $200 11
underwear

Allan
    $400 2
the Old North Church

Whitney
    $400 27
Who Wants to Be a Millionaire

Caitlin
    $400 22
the E.P.A.

Allan
    $400 7
Kentucky

Caitlin
    $400 17
the Army

Caitlin
    $400 12
underground

Whitney
    $600 3
tea

Allan
    $600 28
Street Smarts

Whitney
    $600 23
ozone

Allan
    $600 8
(Caitlin: What is New Hampshire?)

Maine

Caitlin
Triple Stumper
    $600 18
CNN

Allan
    $600 13
underbrush

Caitlin
    $800 4
John Paul Jones

Caitlin
    $800 29
Hollywood Squares

Caitlin
    $800 24
niche

Caitlin
    $1,000 9
(Caitlin: What is Colorado?)
(Alex: Oh, no. Not a bad guess, though. Colorado is more from a Spanish derivation.)

Oklahoma

Caitlin
    $800 19
UPS

Allan
    $800 14
undertow

Caitlin
    $1000 5
Cornwallis

Caitlin
    $1000 30
Family Feud

Allan
    $1000 25
the Earth Summit

Triple Stumper
    $1000 10
(Caitlin: What is West Virginia?)

Georgia

Caitlin
Triple Stumper
    $1000 20
(Caitlin: What is [*])
(Alex: Good!)

Can you hear me now?

Caitlin
    $1000 15
undermine

Allan

Scores at the first commercial break (after clue 15):

Caitlin Allan Whitney
$1,200 $1,800 $800

Scores at the end of the Jeopardy! Round:

Caitlin Allan Whitney
$5,000 $5,200 $1,600

Double Jeopardy! Round responses

THE EVOLUTIONARY WAR
WHEN THEY WERE TEENS
FAMOUS AMERICANS
GREEK MYTHOLOGY
YOU HAD TO EXPECT OPERA
LONG WORDS
    $400 6
(Allan: What is a monkey?)
(Caitlin: What is a parrot?)

an ape

CaitlinAllan
Triple Stumper
    $400 11
(Allan: Who is Jennifer Aniston?)
...
(Alex: You had two more choices.)

Courteney Cox

Allan
Triple Stumper
    $400 12
Dr. Seuss

Allan
    $400 1
a beauty contest

Allan
    $400 17
puppets

Allan
    $400 22
transcontinental

Caitlin
    $800 7
(Charles) Darwin

Caitlin
    $800 18
Sofia Coppola

Triple Stumper
    $800 13
Brigham Young

Allan
    $800 2
Hercules

Allan
    $800 28
Hansel & Gretel

Caitlin
    $800 23
alphabetizing

Allan
    $1200 8
(Whitney: Who is the Pope?)
(Alex: Which one?)

Pope John Paul II

Whitney
    $1200 19
(Allan: What is The Bold & Beautiful?)

The Young & the Restless

CaitlinAllan
    $1200 14
(Allan: Who is Audubon?)

Ansel Adams

Allan
Triple Stumper
    $1200 3
Zeus

Caitlin
    $1200 29
Sheba

Whitney
    $1200 24
involuntary

Triple Stumper
    $1,000 9
mutations

Whitney
    $1600 20
The Rock

Allan
    $1600 15
(Allan: Who is Howe?)

Singer

AllanWhitney
    $1600 4
a shield

Allan
    $1600 30
Richard Wagner

Triple Stumper
    $1600 27
effervescent

Triple Stumper
    $2000 10
creationism

Whitney
    $2000 21
Jackie Chan

Caitlin
    $2000 16
Admiral Peary

Triple Stumper
    $2000 5
Morpheus

Triple Stumper
    $800 25
(Allan: What is Sleeping Beauty?)

William Tell

Allan
    $2000 26
an onomatopoeia

Caitlin

Scores at the end of the Double Jeopardy! Round:

Caitlin Allan Whitney
$13,000 $6,400 $8,600

Final Jeopardy! Round responses

THE WORLD OF ART
(Alex: If you wrote down the bathroom, you're wrong!)
AllanWhat is the Pope's bedroom?
$3,600
WhitneyWhat is room 52?
$1,500
CaitlinWhat is the ceiling of the Sistine Chapel?
$100
the Sistine Chapel

Final scores:

Caitlin Allan Whitney
$13,100 $2,800 $7,100
Automatic semifinalist 3rd place: $2,500 + a computer package if eliminated 2nd place: $2,500 + a computer package if eliminated

Game dynamics:

Coryat scores:

Caitlin Allan Whitney
$14,000 $7,200 $9,200
20 R,
4 W
(including 1 DD)
16 R,
6 W
(including 1 DD)
9 R
(including 1 DD),
0 W

Combined Coryat: $30,400

[game clues] [game scores] [suggest correction]

Game tape date: 2004-10-26
The J! Archive is created by fans, for fans. Scraping, republication, monetization, and malicious use prohibited; this site may use cookies and collect identifying information. See terms. The Jeopardy! game show and all elements thereof, including but not limited to copyright and trademark thereto, are the property of Jeopardy Productions, Inc. and are protected under law. This website is not affiliated with, sponsored by, or operated by Jeopardy Productions, Inc. Join the discussion at JBoard.tv.